000
00360nam a2200157Ia 4500
005
20250603150009.0
008
250603s9999 xx 000 0 und d
050
_a
Z 858 .U42/
245
0
_a
University of Ilorin-Annual Report
260
_a
Ilorin
260
_b
University of Ilorin
260
_c
2008
300
_a
99 p
650
_a
Ilorin
942
_c
BK
999
_c
43461
_d
43461